| 000 | 00508nam a2200109Ia 4500 | ||
|---|---|---|---|
| 008 | 170221s9999 xx 000 0 und d | ||
| 100 | _aJ. Mark Phillips | ||
| 245 | _aFrom Old Spice to the Texas Law Hawk: How Inbound Marketing, Content Leadership and Social Media Can Level the Playing Field for Solo Practitioners | ||
| 245 | _cJ. Mark Phillips, Kyle A. Huggins, and Lora Mitchell Harding | ||
| 650 | _xBusiness | ||
| 856 | _uhttp://digitalcommons.pepperdine.edu/cgi/viewcontent.cgi?article=1149&context=jbel | ||
| 999 |
_c307642 _d307642 |
||